[Event "Mecklenburg VP-ch U18"]
[Site "Greifswald"]
[Date "2003.02.15"]
[Round "5"]
[White "Schartmann, Daniel"]
[Black "Mueller, Erik"]
[Result "1-0"]
[WhiteElo "1394"]
[BlackElo "1228"]
[PlyCount "44"]
[EventDate "2003.02.??"]
[EventType "swiss"]
[EventRounds "7"]
[EventCountry "GER"]
[SourceTitle "EXT 2005"]
[Source "ChessBase"]
[SourceDate "2004.11.15"]
[SourceVersion "1"]
[SourceVersionDate "2004.11.15"]
[SourceQuality "1"]

1. d4 d5 2. Nf3 Bg4 3. c4 dxc4 4. e3 Nf6 5. h3 Bh5 6. Bxc4 e6 7. 0-0 Nc6 8. b3 Bd6 9. Ba3 Bxa3 10. Nxa3 Ne4 11. Rc1 Bxf3 12. gxf3 Nd6 13. Be2 Nf5 14. Nc4 Nh4 15. Kh2 g5 16. Ne5 Qd6 17. Bb5 f6 18. Bxc6+ Ke7 19. f4 gxf4 20. exf4 bxc6 21. Rxc6 Qd5 22. Rxc7+ Kd8 1-0

[Event "Mecklenburg VP-ch U18"]
[Site "Greifswald"]
[Date "2003.02.13"]
[Round "1"]
[White "Jopp, Michael"]
[Black "Mueller, Erik"]
[Result "1-0"]
[WhiteElo "1689"]
[BlackElo "1228"]
[PlyCount "82"]
[EventDate "2003.02.??"]
[EventType "swiss"]
[EventRounds "7"]
[EventCountry "GER"]
[SourceTitle "EXT 2005"]
[Source "ChessBase"]
[SourceDate "2004.11.15"]
[SourceVersion "1"]
[SourceVersionDate "2004.11.15"]
[SourceQuality "1"]

1. c4 c5 2. Nc3 Nc6 3. g3 e5 4. Bg2 Nf6 5. d3 Be7 6. e4 Nd4 7. Nge2 d6 8. 0-0 0-0 9. Nxd4 cxd4 10. Nd5 Nxd5 11. exd5 Bf5 12. Qe2 Re8 13. Be4 Qd7 14. Bxf5 Qxf5 15. f4 Qh3 16. fxe5 dxe5 17. Qxe5 Bg5 18. Qf5 Qxf5 19. Rxf5 Bxc1 20. Rxc1 Re2 21. Rf2 Rae8 22. Rxe2 Rxe2 23. d6 Kf8 24. Kf1 Re3 25. Re1 Rxe1+ 26. Kxe1 Ke8 27. c5 Kd7 28. Ke2 b6 29. b4 f5 30. Kf3 g5 31. h4 h6 32. hxg5 hxg5 33. a4 bxc5 34. bxc5 a5 35. g4 f4 36. Ke4 Kc6 37. Kxd4 Kd7 38. Ke4 Kc6 39. Kf3 Kd7 40. Ke4 Kc6 41. d4 Kd7 1-0

[Event "DSSM WK2"]
[Site "Husum"]
[Date "2002.05.10"]
[Round "1.1"]
[White "Mueller, Erik"]
[Black "Ferster, Fabian"]
[Result "0-1"]
[WhiteElo "1175"]
[BlackElo "1602"]
[PlyCount "63"]
[EventDate "2002.05.10"]
[EventType "team-tourn"]
[EventRounds "7"]
[EventCountry "GER"]
[SourceTitle "CBM 088 Extra"]
[Source "ChessBase"]
[SourceDate "2002.07.01"]
[SourceVersion "2"]
[SourceVersionDate "2002.07.01"]
[SourceQuality "1"]

1. e4 e6 2. Nf3 d5 3. exd5 exd5 4. Be2 Bd6 5. d4 c6 6. 0-0 Qc7 7. h3 Ne7 8. Re1 Bf5 9. Bd3 Bxd3 10. Qxd3 Nd7 11. Nc3 f6 12. Bd2 0-0 13. Nh4 Nb6 14. b3 Rae8 15. Re2 Qd7 16. Rae1 Nec8 17. Qf5 Rxe2 18. Rxe2 Bc7 19. Qxd7 Nxd7 20. Nf5 Kf7 21. Nb1 g6 22. Nh6+ Kg7 23. Ng4 Rd8 24. Bh6+ Kf7 25. Bd2 Bd6 26. Nh6+ Kf8 27. Re6 Re8 28. Rxe8+ Kxe8 29. Nc3 Nf8 30. Ne2 f5 31. g4 fxg4 32. Nxg4 0-1